Les pays avec le plus de densité ferroviaire - Statistiques

Statistiques générales
  • Ce quiz a été pris 161 fois
  • Le résultat moyen est 15 sur 20
Statistiques - réponses
Hint Réponse % Correct
19 54.45 France
99%
4 117.59 Allemagne
95%
13 67.54 Royaume-Uni
93%
14 67.21 Italie
92%
7 105.90 Belgique
91%
12 69.73 Pays-Bas
91%
3 118.12 Suisse
91%
9 76.30 Autriche
85%
11 72.15 Japon
85%
6 106.18 Luxembourg
81%
15 62.13 Pologne
80%
16 61.89 Danemark
77%
8 98.98 Hongrie
76%
2 122.13 République tchèque
73%
20 52.55 Croatie
69%
17 60.58 Slovénie
69%
10 73.87 Slovaquie
68%
18 56.25 Liechtenstein
49%
5 107.96 Cuba
16%
1 192.31 Saint-Christophe-et-Niévès
1%
Aucun quiz correspondant
Distribution des résultats
% des personnes avec chaque résultat
Percentile par nombre de réponses
Votre historique - résultats
Vous n’avez pas pris ce quiz